000 00341nam a2200133 i 4500
001 bg
100 1 _aPRZEWORSKA-ROLEWICZ, Danuta
245 0 _aWstęp do analizy algebraicznej... /
_cDanuta Przeworska-Rolewicz.
260 _aWarszawa,
_c1979.
040 _cBPK
041 _apol
942 _cKS
008 s pl f |000 0 pol
999 _c18744
_d18744
856 _uhttp://koha.tu.koszalin.pl/cgi-bin/koha/opac-detail.pl?biblionumber=18744
_yKatalog online BPK